A Course in Group Theory

Gespeichert in:
Bibliographische Detailangaben
1. Verfasser: Humphreys, James F (Verfasst von)
Format: Buch
Sprache:Englisch
Veröffentlicht: New York : Oxford University Press, 2001
Schlagworte:
Tags: Tag hinzufügen
Keine Tags, Fügen Sie das erste Tag hinzu!

MARC

LEADER 00000nam a22000003a 4500
001 stu73009
005 20150617225646.9
008 011217s2001----xxu-----------------eng-d
020 |a 0 19 853459 0 
040 |a STU  |b slo 
041 0 |a eng 
044 |a xxu 
080 |a 512.54 
100 1 |a Humphreys, James F  |4 aut 
245 1 |a A Course in Group Theory 
260 |a New York :  |b Oxford University Press,  |c 2001 
300 |a 279 s 
650 7 |a matematika  |2 stusub 
650 7 |a teória grúp  |2 stusub 
996 |b 284M033749  |c M*10840-1  |l MMST  |s A  |a 24  |w stu73009_0001